[Event "SLO-ch U10"]
[Site "Postojna"]
[Date "2008.02.24"]
[Round "1"]
[White "Cretnik, Urban"]
[Black "Cop, Jaka"]
[Result "0-1"]
[WhiteElo "1511"]
[BlackElo "1500"]
[PlyCount "68"]
[EventDate "2008.02.24"]
[EventType "swiss"]
[EventRounds "9"]
[EventCountry "SLO"]
[SourceTitle "EXT 2010"]
[Source "ChessBase"]
[SourceDate "2009.11.30"]
[SourceVersion "1"]
[SourceVersionDate "2009.11.30"]
[SourceQuality "1"]

1. e4 e5 2. Nf3 Nc6 3. c3 Bc5 4. d4 exd4 5. cxd4 Be7 6. Nc3 Nf6 7. Bc4 O-O 8.
O-O d6 9. Re1 Bg4 10. d5 Ne5 11. Be2 Nxf3+ 12. Bxf3 Qd7 13. Bxg4 Qxg4 14. Qxg4
Nxg4 15. f3 Nf6 16. Be3 Nd7 17. Rad1 Bh4 18. Bf2 Bxf2+ 19. Kxf2 f5 20. exf5
Rxf5 21. Re7 Ne5 22. Rxc7 Ng4+ 23. Ke2 Re5+ 24. Ne4 Nxh2 25. Ke3 Rae8 26. Rc4
Rg5 27. Kf2 Rge5 28. Kg3 Rh5 29. Rh1 b5 30. Rd4 Nxf3 31. Rxh5 Nxd4 32. Nxd6 Re6
33. Kh2 Re2 34. Rh4 Nf3+ 0-1

[Event "SWE-chT 0708"]
[Site "Sweden"]
[Date "2008.02.23"]
[Round "8"]
[White "Soderberg, Per"]
[Black "Dalmau, Jorgen Mikael"]
[Result "0-1"]
[WhiteElo "2187"]
[BlackElo "2191"]
[PlyCount "52"]
[EventDate "2007.10.19"]
[EventType "team"]
[EventRounds "11"]
[EventCountry "SWE"]
[SourceTitle "EXT 2009"]
[Source "ChessBase"]
[SourceDate "2008.11.26"]
[SourceVersion "1"]
[SourceVersionDate "2008.11.26"]
[SourceQuality "1"]
[WhiteTeam "Wasa"]
[BlackTeam "Solna"]
[WhiteTeamCountry "SWE"]
[BlackTeamCountry "SWE"]

1. e4 e5 2. Nf3 Nc6 3. c3 d5 4. Qa4 Bd7 5. exd5 Nd4 6. Qd1 Nxf3+ 7. Qxf3 Bd6 8.
d3 f5 9. Nd2 Nf6 10. Nc4 O-O 11. Nxd6 cxd6 12. Bg5 Qa5 13. Be2 e4 14. dxe4 Nxe4
15. Bf4 Qxd5 16. O-O Qe6 17. Qe3 Rae8 18. Bd1 Qf6 19. Qxa7 Nc5 20. Qb6 Bc6 21.
b4 Nd3 22. b5 Bxg2 23. Qxd6 Bxf1 24. Qd5+ Kh8 25. Bd2 Rd8 26. Qf3 Ne5 0-1

[Event "Gora Sw Anny op 1st"]
[Site "Gora Sw Anny"]
[Date "2008.02.23"]
[Round "8"]
[White "Lizak, Jacek"]
[Black "Strzep, Marek"]
[Result "1-0"]
[WhiteElo "1858"]
[BlackElo "1870"]
[PlyCount "83"]
[EventDate "2008.02.18"]
[EventType "swiss"]
[EventRounds "9"]
[EventCountry "POL"]
[SourceTitle "CBM 122 Extra"]
[Source "ChessBase"]
[SourceDate "2008.03.04"]
[SourceVersion "1"]
[SourceVersionDate "2008.03.04"]
[SourceQuality "1"]

1. e4 e5 2. Nf3 Nc6 3. c3 d5 4. Qa4 dxe4 5. Nxe5 Bd7 6. Nxd7 Qxd7 7. Qxe4+ Qe7
8. Qxe7+ Ngxe7 9. d4 O-O-O 10. Bc4 Nd5 11. O-O Na5 12. Bb5 a6 13. Ba4 Bd6 14.
Nd2 Nf4 15. g3 Ne2+ 16. Kg2 h5 17. Bd1 Nxc1 18. Rxc1 Nc6 19. Bf3 Ne7 20. Ne4 f6
21. Nxd6+ Rxd6 22. Rfe1 Nd5 23. h4 c6 24. Re2 g6 25. Rce1 Rdd8 26. Bxd5 Rxd5
27. Re8+ Rd8 28. Rxh8 Rxh8 29. Re7 Rg8 30. Rh7 f5 31. f3 Re8 32. Kf2 Re6 33.
Rg7 Kb8 34. c4 Ka7 35. c5 a5 36. a4 Ka6 37. Rd7 Ka7 38. Rd6 Rxd6 39. cxd6 Kb8
40. Ke3 Kc8 41. Kf4 Kd7 42. Kg5 1-0

[Event "Pfalz op 01st"]
[Site "Neustadt an der Weinstrasse"]
[Date "2008.02.20"]
[Round "6"]
[White "Zdebskaja, Natalia"]
[Black "Korneev, Oleg"]
[Result "0-1"]
[WhiteElo "2313"]
[BlackElo "2645"]
[PlyCount "66"]
[EventDate "2008.02.16"]
[EventType "swiss"]
[EventRounds "9"]
[EventCountry "GER"]
[SourceTitle "CBM 122 Extra"]
[Source "ChessBase"]
[SourceDate "2008.03.04"]
[SourceVersion "1"]
[SourceVersionDate "2008.03.04"]
[SourceQuality "1"]

1. e4 e5 2. Nf3 Nc6 3. c3 d5 4. Qa4 Nf6 5. d4 Bd7 6. Bb5 Nxe4 7. Nxe5 Nxe5 8.
dxe5 c6 9. Bd3 Nc5 10. Qc2 g6 11. Be3 Nxd3+ 12. Qxd3 Qe7 13. f4 Bg7 14. Nd2 O-O
15. O-O-O Rfe8 16. Nf3 Rad8 17. Bxa7 Ra8 18. Qd4 Bf8 19. Rhe1 Bf5 20. Qb6 Rec8
21. e6 Bxe6 22. Nd4 Qd7 23. c4 Bg4 24. Rd2 c5 25. Nb5 Rc6 26. Qa5 d4 27. b4 Ra6
28. Qc7 Qxc7 29. Nxc7 R6xa7 30. Nxa8 Rxa8 31. bxc5 Bxc5 32. Re5 b6 33. Kb2 Ra4
0-1

[Event "GER-ch"]
[Site "Bad Woerishofen "]
[Date "2008.02.19"]
[Round "5"]
[White "Meister, Jakob"]
[Black "Kritz, Leonid"]
[Result "1/2-1/2"]
[WhiteElo "2491"]
[BlackElo "2592"]
[PlyCount "35"]
[EventDate "2008.02.15"]
[EventType "swiss"]
[EventRounds "9"]
[EventCountry "GER"]
[SourceTitle "CBM 122 Extra"]
[Source "ChessBase"]
[SourceDate "2008.03.04"]
[SourceVersion "1"]
[SourceVersionDate "2008.03.04"]
[SourceQuality "1"]

1. e4 e5 2. Nf3 Nc6 3. c3 Qe7 4. Bb5 a6 5. Ba4 d6 6. d4 Bd7 7. O-O g6 8. dxe5
Nxe5 9. Bxd7+ Qxd7 10. Nxe5 dxe5 11. Qxd7+ Kxd7 12. Rd1+ Ke6 13. Be3 Nf6 14. f3
Nd7 15. Nd2 Bc5 16. Kf2 Rhd8 17. Nc4 Bxe3+ 18. Kxe3 1/2-1/2

[Event "EU-chT Seniors 10th"]
[Site "Dresden"]
[Date "2008.02.18"]
[Round "8.1"]
[White "Schmid, Hartmut"]
[Black "Watzka, Horst"]
[Result "1/2-1/2"]
[WhiteElo "2210"]
[BlackElo "2321"]
[PlyCount "22"]
[EventDate "2008.02.11"]
[EventType "team-swiss"]
[EventRounds "9"]
[EventCountry "GER"]
[SourceTitle "CBM 122 Extra"]
[Source "ChessBase"]
[SourceDate "2008.03.04"]
[SourceVersion "1"]
[SourceVersionDate "2008.03.04"]
[SourceQuality "1"]
[WhiteTeam "Wuerttemberg"]
[BlackTeam "Steiermark"]
[WhiteTeamCountry "GER"]
[BlackTeamCountry "AUT"]

1. e4 e5 2. Nf3 Nc6 3. c3 Nf6 4. d4 d6 5. Be3 Be7 6. Bd3 O-O 7. O-O Bg4 8. d5
Nb8 9. Nbd2 Nbd7 10. Qc2 Bh5 11. h3 c6 1/2-1/2

[Event "Moscow Aeroflot op-A1"]
[Site "Moscow"]
[Date "2008.02.18"]
[Round "5"]
[White "Najer, Evgeniy"]
[Black "Romanov, Evgeny"]
[Result "1/2-1/2"]
[WhiteElo "2634"]
[BlackElo "2543"]
[PlyCount "87"]
[EventDate "2008.02.14"]
[EventType "swiss"]
[EventRounds "9"]
[EventCountry "RUS"]
[SourceTitle "CBM 123"]
[Source "ChessBase"]
[SourceDate "2008.04.02"]
[SourceVersion "1"]
[SourceVersionDate "2008.04.02"]
[SourceQuality "1"]

1. e4 e5 2. Nf3 Nc6 3. c3 d5 4. Qa4 Bd7 5. exd5 Nd4 6. Qd1 Nxf3+ 7. Qxf3 f5 8.
d4 e4 9. Qg3 Nf6 10. Be2 Rg8 11. c4 Bd6 12. Bf4 Qe7 13. h4 O-O-O 14. Nc3 h6 15.
h5 Be8 16. Bxd6 Qxd6 17. Qxd6 Rxd6 18. Rh4 Rf8 19. Rd1 Rd7 20. Rd2 Nh7 21. Rf4
Rf6 22. Rd1 Kd8 23. g3 Rdf7 24. Kd2 Ng5 25. Rh1 Rf8 26. Nd1 c6 27. Ne3 cxd5 28.
cxd5 Bd7 29. Nc4 Bb5 30. Ne3 Bd7 31. b3 b5 32. Kc3 Ke7 33. Kb2 Kd8 34. Ng2 Rd6
35. Ne3 Rdf6 36. b4 Ke7 37. Bd1 Kd6 38. Be2 Ke7 39. Bd1 Kd6 40. a3 a6 41. Be2
Bc8 42. Bd1 Bd7 43. Be2 Bc8 44. Bd1 1/2-1/2

[Event "BI-2007-F-00006"]
[Site "Lechenicher SchachServer"]
[Date "2008.02.15"]
[Round "?"]
[White "Udvari, Norbert"]
[Black "Malmstrom, Jan"]
[Result "0-1"]
[WhiteElo "2014"]
[BlackElo "1839"]
[PlyCount "50"]
[EventDate "2008.02.15"]

1. e4 e5 2. Nf3 Nc6 3. c3 Nf6 4. d4 Nxe4 5. d5 Ne7 6. Nxe5 Ng6 7. Nxg6 hxg6 8.
Qe2 Qe7 9. Bf4 d6 10. Na3 Bd7 11. O-O-O O-O-O 12. Re1 g5 13. Be3 a6 14. Qc2 f5
15. Bd3 g4 16. Nc4 g6 17. Na5 Bh6 18. Bxe4 Qxe4 19. Qb3 b6 20. Bxh6 Qxg2 21.
Be3 bxa5 22. Ba7 Bb5 23. a4 Be2 24. Qb8+ Kd7 25. Qb7 Qf3 0-1

[Event "corr WC LSS server"]
[Site "LSS"]
[Date "2008.02.15"]
[Round "?"]
[White "Dos Santos, Marcos Antonio"]
[Black "Pott, Brian"]
[Result "1/2-1/2"]
[WhiteElo "2146"]
[BlackElo "2024"]
[PlyCount "37"]
[EventDate "2008.??.??"]
[EventType "tourn (corr)"]
[SourceTitle "OM Corr 202003"]
[Source "Opening Master"]
[SourceDate "2019.05.30"]
[SourceVersion "2"]
[SourceVersionDate "2019.05.30"]
[SourceQuality "1"]

1. e4 e5 2. Nf3 Nc6 3. c3 Nf6 4. d4 Nxe4 5. d5 Ne7 6. Nxe5 Ng6 7. Qe2 Qe7 8.
Qxe4 Qxe5 9. Qxe5+ Nxe5 10. Bf4 d6 11. Na3 a6 12. Nc4 Ng6 13. Bg3 Bd7 14. Kd2
O-O-O 15. Bd3 Be7 16. h4 Rhe8 17. f4 h5 18. f5 Nf8 19. Ne3 1/2-1/2

[Event "EU-chT Seniors 10th"]
[Site "Dresden"]
[Date "2008.02.13"]
[Round "3.2"]
[White "Scholze, Roland"]
[Black "Crombleholme, Alan"]
[Result "1-0"]
[WhiteElo "1998"]
[BlackElo "2101"]
[PlyCount "187"]
[EventDate "2008.02.11"]
[EventType "team-swiss"]
[EventRounds "9"]
[EventCountry "GER"]
[SourceTitle "CBM 122 Extra"]
[Source "ChessBase"]
[SourceDate "2008.03.04"]
[SourceVersion "1"]
[SourceVersionDate "2008.03.04"]
[SourceQuality "1"]
[WhiteTeam "Bahn Sozialwerk III"]
[BlackTeam "England IV"]
[WhiteTeamCountry "GER"]
[BlackTeamCountry "ENG"]

1. e4 e5 2. Nf3 Nc6 3. c3 Nf6 4. d4 exd4 5. e5 Ne4 6. Qe2 f5 7. exf6 d5 8. f7+
Kxf7 9. Nbd2 d3 10. Qxd3 Nc5 11. Qc2 g6 12. Nb3 Bf5 13. Qd1 Nxb3 14. axb3 Bc5
15. Be2 Re8 16. O-O a5 17. Bb5 Qd6 18. Qd2 Kg8 19. Ra4 Re4 20. b4 Bb6 21. Bd3
Ree8 22. Bxf5 gxf5 23. b5 Ne5 24. Qg5+ Qg6 25. Nd4 Nd3 26. Qd2 Nc5 27. Ra1 Ne4
28. Qd3 Rad8 29. Be3 Kh8 30. Rfe1 Rg8 31. g3 Nd6 32. Bf4 Rge8 33. Be5+ Kg8 34.
Bxd6 Rxd6 35. Qxf5 Rxe1+ 36. Rxe1 Qxf5 37. Nxf5 Rf6 38. Re5 c6 39. bxc6 bxc6
40. Kg2 a4 41. g4 Bc5 42. Re8+ Kf7 43. Ra8 h5 44. h3 hxg4 45. hxg4 Re6 46. Rxa4
Re2 47. Rf4 Rxb2 48. Nd4+ Kg6 49. Nxc6 Kg5 50. Rf3 Kxg4 51. Ne5+ Kg5 52. Nd3
Rb5 53. Nxc5 Rxc5 54. Kf1 Kg4 55. Rd3 Kf4 56. Ke2 Ra5 57. Rd4+ Ke5 58. Kd3 Ra1
59. f4+ Ke6 60. Kc2 Ra5 61. Kb3 Rb5+ 62. Rb4 Rc5 63. Rd4 Rb5+ 64. Ka4 Rb8 65.
f5+ Ke5 66. f6 Rb7 67. Rd1 Rf7 68. Kb5 Rxf6 69. Kc5 Ra6 70. Rxd5+ Ke6 71. Rd1
Ra8 72. c4 Rc8+ 73. Kb4 Ra8 74. Kc3 Rc8 75. Rd4 Ke5 76. Rd5+ Ke6 77. Kd4 Ra8
78. Kc3 Rb8 79. Rd2 Ke5 80. c5 Ke6 81. Kc4 Ke7 82. c6 Rb1 83. Kc5 Ke6 84. c7
Rc1+ 85. Kb6 Rb1+ 86. Kc6 Rc1+ 87. Kb7 Rb1+ 88. Kc8 Rh1 89. Rc2 Kd6 90. Kb7
Rb1+ 91. Ka6 Ra1+ 92. Kb5 Rb1+ 93. Ka4 Ra1+ 94. Kb3 1-0

[Event "EU-chT Seniors 10th"]
[Site "Dresden"]
[Date "2008.02.13"]
[Round "3.1"]
[White "Appelt, Gerd"]
[Black "Hoen, Ragnar Harald"]
[Result "1/2-1/2"]
[WhiteElo "2046"]
[BlackElo "2284"]
[PlyCount "75"]
[EventDate "2008.02.11"]
[EventType "team-swiss"]
[EventRounds "9"]
[EventCountry "GER"]
[SourceTitle "CBM 122 Extra"]
[Source "ChessBase"]
[SourceDate "2008.03.04"]
[SourceVersion "1"]
[SourceVersionDate "2008.03.04"]
[SourceQuality "1"]
[WhiteTeam "Dresden Rotation"]
[BlackTeam "Norway"]
[WhiteTeamCountry "GER"]
[BlackTeamCountry "NOR"]

1. e4 e5 2. Nf3 Nc6 3. c3 Nf6 4. Qc2 d5 5. d3 h6 6. h3 Be6 7. Be2 Be7 8. Nbd2
Qd7 9. Nf1 a6 10. Ng3 O-O 11. O-O Nh7 12. Be3 Rad8 13. a3 Ng5 14. Nxg5 hxg5 15.
Qd1 d4 16. Bd2 dxc3 17. bxc3 g6 18. Qc1 f6 19. Rd1 Na5 20. Qb2 Nb3 21. Rab1
Nxd2 22. Rxd2 b5 23. d4 Qd6 24. d5 Bc8 25. c4 bxc4 26. Bxc4 Kg7 27. Rc2 Qxa3
28. Qxa3 Bxa3 29. Ra1 Bd6 30. Bxa6 Bxa6 31. Rxa6 Ra8 32. Rxa8 Rxa8 33. f3 Ra1+
34. Kf2 Kf7 35. Nf1 f5 36. Ne3 Kf6 37. Rc6 Ra2+ 38. Kf1 1/2-1/2

[Event "NED-chT 0708"]
[Site "Netherlands"]
[Date "2008.02.09"]
[Round "6.9"]
[White "Van Opheusden, Bas"]
[Black "Van de Oudeweetering, Arthur"]
[Result "1-0"]
[WhiteElo "2162"]
[BlackElo "2368"]
[PlyCount "57"]
[EventDate "2007.09.15"]
[EventType "team-tourn"]
[EventRounds "9"]
[EventCountry "NED"]
[SourceTitle "EXT 2009"]
[Source "ChessBase"]
[SourceDate "2008.11.26"]
[SourceVersion "1"]
[SourceVersionDate "2008.11.26"]
[SourceQuality "1"]
[WhiteTeam "Leiden LSG II"]
[BlackTeam "Homburg Apeldoorn"]
[WhiteTeamCountry "NED"]
[BlackTeamCountry "NED"]

1. e4 e5 2. Nf3 Nc6 3. c3 Nf6 4. d4 Nxe4 5. d5 Nb8 6. Bd3 Nc5 7. Nxe5 Nxd3+ 8.
Nxd3 d6 9. O-O Be7 10. Be3 O-O 11. Nd2 Bf5 12. Nb3 Nd7 13. Na5 Rb8 14. b4 Nb6
15. c4 Bf6 16. Rc1 Qd7 17. Qb3 Rfe8 18. Nf4 Re4 19. Nh5 Be5 20. f4 Bf6 21.
Nxf6+ gxf6 22. Qc3 Rbe8 23. Bd4 Re2 24. Qg3+ Kf8 25. Bxf6 Bg4 26. f5 R8e4 27.
h3 h5 28. Rf4 Rxf4 29. Qxf4 1-0

[Event "FICGS__CHESS__CLASS_D__000079"]
[Site "FICGS"]
[Date "2008.02.07"]
[Round "1"]
[White "Griffin, Chuck"]
[Black "Ruano, Pablo"]
[Result "0-1"]
[WhiteElo "1600"]
[BlackElo "1698"]
[PlyCount "28"]
[EventDate "2008.??.??"]
[SourceTitle "OM Corr 202003"]
[Source "Opening Master"]
[SourceDate "2019.05.30"]
[SourceVersion "2"]
[SourceVersionDate "2019.05.30"]
[SourceQuality "1"]

1. e4 e5 2. Nf3 Nc6 3. c3 Nf6 4. d3 d5 5. Nbd2 Be7 6. exd5 Qxd5 7. Nc4 O-O 8.
Be3 Rd8 9. Be2 b5 10. Ncd2 Bf5 11. c4 bxc4 12. dxc4 Qe6 13. O-O e4 14. Ng5 Qe5
0-1

[Event "Uljanovsk op"]
[Site "Uljanovsk"]
[Date "2008.02.05"]
[Round "8"]
[White "Rumiantsev, Nikolay"]
[Black "Mirzaev, Aziz"]
[Result "0-1"]
[WhiteElo "1849"]
[BlackElo "1823"]
[PlyCount "92"]
[EventDate "2008.02.01"]
[EventType "swiss"]
[EventRounds "9"]
[EventCountry "RUS"]
[SourceTitle "EXT 2009"]
[Source "ChessBase"]
[SourceDate "2008.11.26"]
[SourceVersion "1"]
[SourceVersionDate "2008.11.26"]
[SourceQuality "1"]

1. e4 e5 2. Nf3 Nc6 3. c3 Nf6 4. d4 exd4 5. e5 Ne4 6. Qe2 Nc5 7. cxd4 Ne6 8. d5
Ned4 9. Nxd4 Nxd4 10. Qd3 c5 11. d6 g6 12. Nc3 Bg7 13. f4 b6 14. Nb5 Nxb5 15.
Qxb5 Bb7 16. Qb3 Qh4+ 17. Qg3 Qxg3+ 18. hxg3 f6 19. Bd2 fxe5 20. Bc3 O-O 21.
fxe5 Rf5 22. Bc4+ Kh8 23. g4 Rf4 24. Be2 Bxg2 25. Rh2 Bd5 26. Kd2 Kg8 27. b3
Re8 28. Bb5 Be6 29. Be2 Re4 30. Kd3 Rxe5 31. Bxe5 Bxe5 32. Rah1 Bxh2 33. Rxh2
Bd5 34. Kc3 Re6 35. Bb5 Rxd6 36. Rd2 Kf7 37. Bc4 Ke6 38. Re2+ Kf6 39. Rd2 Ke5
40. Rh2 Bxc4 41. bxc4 Kf4 42. Rxh7 Kxg4 43. Rh8 g5 44. a4 Kg3 45. Ra8 a5 46.
Rg8 g4 0-1

[Event "TUR-ch op"]
[Site "Antalya"]
[Date "2008.02.05"]
[Round "4.83"]
[White "Varli, Mehmet Fatih"]
[Black "Sahin, Fatma"]
[Result "1-0"]
[WhiteElo "1564"]
[BlackElo "1232"]
[PlyCount "77"]
[EventDate "2008.02.04"]
[EventType "swiss"]
[EventRounds "11"]
[EventCountry "TUR"]
[SourceTitle "CBM 122 Extra"]
[Source "ChessBase"]
[SourceDate "2008.03.04"]
[SourceVersion "1"]
[SourceVersionDate "2008.03.04"]
[SourceQuality "1"]

1. e4 e5 2. Nf3 Nc6 3. c3 d5 4. Bb5 f6 5. Nxe5 Bd7 6. Qh5+ g6 7. Nxg6 hxg6 8.
Qxh8 Nce7 9. Bxd7+ Qxd7 10. Qh4 O-O-O 11. d4 Re8 12. O-O g5 13. Qh7 Bh6 14.
exd5 Nxd5 15. Qxd7+ Kxd7 16. Bd2 f5 17. Re1 Nge7 18. Na3 c6 19. c4 Nf6 20. Bb4
Bg7 21. Rxe7+ Rxe7 22. Bxe7 Kxe7 23. Re1+ Kf7 24. Nc2 f4 25. f3 g4 26. fxg4
Nxg4 27. Rf1 Ke6 28. Rxf4 Nf6 29. Rf3 Bh6 30. h3 Ne4 31. b3 a5 32. g4 Nd2 33.
Rf2 Nb1 34. Kg2 Nc3 35. a4 Nd1 36. Rf3 Bg7 37. h4 b6 38. g5 Bf8 39. Rxf8 1-0

[Event "Moscow op-B 04th"]
[Site "Moscow"]
[Date "2008.02.05"]
[Round "4"]
[White "Kuryshkin, Anatoliy"]
[Black "Mukhin, Viktor"]
[Result "0-1"]
[WhiteElo "1977"]
[BlackElo "2147"]
[PlyCount "74"]
[EventDate "2008.02.02"]
[EventType "swiss"]
[EventRounds "9"]
[EventCountry "RUS"]
[SourceTitle "CBM 122 Extra"]
[Source "ChessBase"]
[SourceDate "2008.03.04"]
[SourceVersion "1"]
[SourceVersionDate "2008.03.04"]
[SourceQuality "1"]

1. e4 e5 2. Nf3 Nc6 3. c3 Nf6 4. d4 Nxe4 5. d5 Nb8 6. Nxe5 Qe7 7. Qd4 f6 8.
Qxe4 Qxe5 9. Bd3 Qxe4+ 10. Bxe4 Bc5 11. O-O d6 12. Re1 Kf7 13. b4 Bb6 14. Na3
Nd7 15. Nc4 Ne5 16. Nxb6 axb6 17. f4 Ng6 18. g3 Bd7 19. Bd3 Ne7 20. Bc4 h5 21.
h4 Nf5 22. Kf2 Nh6 23. Bd2 Ng4+ 24. Kf3 Rhe8 25. Rxe8 Bxe8 26. Re1 Bd7 27. Re4
f5 28. Rd4 Nf6 29. Bb3 Ne4 30. Be3 Ba4 31. c4 Bxb3 32. axb3 Ra2 33. Rd3 Ke7 34.
Bd4 Nd2+ 35. Ke3 Nf1+ 36. Kf3 Nh2+ 37. Ke3 Rg2 0-1

[Event "TUR-ch op"]
[Site "Antalya"]
[Date "2008.02.05"]
[Round "3.34"]
[White "Tepeli, Huseyin"]
[Black "Aktas, Huseyin"]
[Result "1/2-1/2"]
[WhiteElo "1970"]
[BlackElo "1760"]
[PlyCount "114"]
[EventDate "2008.02.04"]
[EventType "swiss"]
[EventRounds "11"]
[EventCountry "TUR"]
[SourceTitle "CBM 122 Extra"]
[Source "ChessBase"]
[SourceDate "2008.03.04"]
[SourceVersion "1"]
[SourceVersionDate "2008.03.04"]
[SourceQuality "1"]

1. e4 e5 2. Nf3 Nc6 3. c3 d5 4. Bb5 Bg4 5. Qa4 dxe4 6. Nxe5 Bd7 7. Nxd7 Qxd7 8.
Qxe4+ Be7 9. O-O Nf6 10. Qf3 O-O 11. d4 Qd5 12. Qxd5 Nxd5 13. Nd2 Nd8 14. Nf3
c6 15. Bc4 Nc7 16. Re1 Nde6 17. Bd2 Bf6 18. Ne5 Rfd8 19. Rad1 a5 20. a3 b5 21.
Bb3 Bxe5 22. Rxe5 b4 23. axb4 axb4 24. f4 bxc3 25. bxc3 Nd5 26. f5 Nec7 27. c4
Nf6 28. Bg5 Nce8 29. d5 Rdb8 30. Re3 cxd5 31. cxd5 Ra3 32. Bc4 Rxe3 33. Bxe3
Nd6 34. Bf4 Nfe8 35. g4 Rb4 36. Bxd6 Nxd6 37. Be2 Kf8 38. Rc1 Ke7 39. Rc7+ Kf6
40. Kg2 Rb7 41. Rxb7 Nxb7 42. Kg3 Ke5 43. Bf3 Nd6 44. Kh4 f6 45. Kh5 Nf7 46.
Bd1 Nd6 47. Bb3 Kd4 48. Ba4 Kxd5 49. Bb3+ Nc4 50. g5 fxg5 51. Kxg5 Kd4 52. Bxc4
Kxc4 53. f6 gxf6+ 54. Kxf6 Kd5 55. h4 h5 56. Kg6 Ke6 57. Kxh5 Kf7 1/2-1/2

[Event "Moscow op-A 04th"]
[Site "Moscow"]
[Date "2008.02.04"]
[Round "3"]
[White "Mishin, Alexei"]
[Black "Safarli, Eltaj"]
[Result "0-1"]
[WhiteElo "2340"]
[BlackElo "2496"]
[PlyCount "56"]
[EventDate "2008.02.02"]
[EventType "swiss"]
[EventRounds "9"]
[EventCountry "RUS"]
[SourceTitle "CBM 122 Extra"]
[Source "ChessBase"]
[SourceDate "2008.03.04"]
[SourceVersion "1"]
[SourceVersionDate "2008.03.04"]
[SourceQuality "1"]

1. e4 e5 2. Nf3 Nc6 3. c3 d5 4. Qa4 Bd7 5. exd5 Nd4 6. Qd1 Nxf3+ 7. Qxf3 Nf6 8.
d4 exd4 9. Bg5 Be7 10. Bc4 O-O 11. O-O h6 12. Bf4 dxc3 13. Nxc3 Bd6 14. h3 a6
15. Bb3 Re8 16. Rfe1 b5 17. Rac1 a5 18. Ne4 Nxe4 19. Rxe4 Rxe4 20. Qxe4 Qf6 21.
Bxd6 cxd6 22. Rc7 Re8 23. Qb1 Re2 24. Qf1 Qe5 25. f4 Qe3+ 26. Kh2 Qxh3+ 27. Kg1
Qe3+ 28. Kh2 Re1 0-1

[Event "Uljanovsk op"]
[Site "Uljanovsk"]
[Date "2008.02.02"]
[Round "3"]
[White "Rodchenkov, Sergey D"]
[Black "Predke, Alexandr"]
[Result "1-0"]
[WhiteElo "2361"]
[BlackElo "2160"]
[PlyCount "83"]
[EventDate "2008.02.01"]
[EventType "swiss"]
[EventRounds "9"]
[EventCountry "RUS"]
[SourceTitle "EXT 2009"]
[Source "ChessBase"]
[SourceDate "2008.11.26"]
[SourceVersion "1"]
[SourceVersionDate "2008.11.26"]
[SourceQuality "1"]

1. e4 e5 2. Nf3 Nc6 3. c3 d6 4. d4 Nf6 5. Be2 Bg4 6. h3 Bd7 7. Qc2 Qe7 8. dxe5
Nxe5 9. Nd4 g6 10. Bg5 Bg7 11. Nd2 a6 12. f4 Nc6 13. O-O d5 14. e5 Qc5 15. Qd3
Bf5 16. exf6 Bxd3 17. fxg7 Rg8 18. N2b3 Qd6 19. Bxd3 Nxd4 20. Nxd4 c5 21. Nf3
f6 22. Bh6 O-O-O 23. c4 b5 24. cxb5 c4 25. Bc2 d4 26. f5 d3 27. Bd1 g5 28. bxa6
Qxa6 29. Kh1 Qb6 30. Rc1 Kb8 31. Rxc4 d2 32. h4 Qb5 33. b3 Qxf5 34. hxg5 Qg6
35. Rc6 Rge8 36. Rxf6 Qh5+ 37. Kg1 Re1 38. Rf8 Rxf1+ 39. Kxf1 Qh1+ 40. Ng1 Qh4
41. Rxd8+ Kc7 42. Rxd2 1-0

[Event "corr freechess"]
[Site "freechess.de"]
[Date "2008.02.02"]
[Round "?"]
[White "Lassacher, Georg"]
[Black "Ball, Joerg"]
[Result "0-1"]
[WhiteElo "1373"]
[BlackElo "2329"]
[PlyCount "102"]
[EventDate "2008.??.??"]
[EventType "tourn (corr)"]
[SourceTitle "OM Corr 202003"]
[Source "Opening Master"]
[SourceDate "2019.05.30"]
[SourceVersion "2"]
[SourceVersionDate "2019.05.30"]
[SourceQuality "1"]

1. e4 e5 2. Nf3 Nc6 3. c3 Nf6 4. d3 Be7 5. g3 d5 6. Nbd2 O-O 7. Bg2 dxe4 8.
Nxe4 Nxe4 9. dxe4 Qxd1+ 10. Kxd1 Bc5 11. Ke2 Be6 12. Rd1 f6 13. Be3 Bc4+ 14.
Ke1 Bxe3 15. fxe3 Rad8 16. Bf1 Rxd1+ 17. Rxd1 Bxa2 18. Rd7 Rf7 19. Rd2 Be6 20.
b4 Rf8 21. h3 a5 22. b5 Ne7 23. b6 cxb6 24. Rd6 Kf7 25. Rxb6 Ra8 26. Rxb7 a4
27. Rb1 a3 28. Ra1 a2 29. c4 Nc6 30. Nd2 Ra3 31. Kf2 Nb4 32. Rc1 a1=Q 33. Rxa1
Rxa1 34. g4 Rc1 35. Nf3 Rc3 36. g5 Nc2 37. h4 Nxe3 38. h5 Nxf1 39. c5 Ne3 40.
c6 Ng4+ 41. Kg2 Rxc6 42. Kg3 Rc3 43. Kg2 g6 44. h6 f5 45. exf5 gxf5 46. Nh4 f4
47. g6+ hxg6 48. h7 Rc2+ 49. Kf3 Nf6 50. h8=N+ Kg8 51. Nf5 Bd5# 0-1

[Event "Reykjavik Hellir CC-ch"]
[Site "Reykjavik"]
[Date "2008.02.??"]
[Round "4"]
[White "Ingvason, Johann"]
[Black "Johannesson, Ingvar Thor"]
[Result "0-1"]
[WhiteElo "2097"]
[BlackElo "2344"]
[PlyCount "78"]
[EventDate "2008.02.??"]
[EventType "swiss"]
[EventRounds "7"]
[EventCountry "ISL"]
[SourceTitle "EXT 2010"]
[Source "ChessBase"]
[SourceDate "2009.11.30"]
[SourceVersion "1"]
[SourceVersionDate "2009.11.30"]
[SourceQuality "1"]

1. e4 e5 2. Nf3 Nc6 3. c3 Qe7 4. Bb5 a6 5. Qa4 Nf6 6. O-O Rb8 7. Bxc6 dxc6 8.
d4 exd4 9. Bg5 h6 10. Bxf6 Qxf6 11. e5 Qg6 12. Qxd4 c5 13. Qf4 Be6 14. Qa4+ Bd7
15. Qf4 Qe6 16. Qg3 Bc6 17. Nbd2 Rd8 18. Rfd1 b6 19. c4 g6 20. Nf1 Bg7 21.
Rxd8+ Kxd8 22. Ne3 Kc8 23. Rd1 Rd8 24. Rxd8+ Kxd8 25. b3 Kc8 26. h4 Kb8 27. Qf4
Bxf3 28. gxf3 h5 29. Qg5 Bxe5 30. Qd8+ Kb7 31. Kg2 Bf6 32. Qd2 Bxh4 33. Nd5 Qf5
34. Qe2 Bf6 35. a4 a5 36. Qe8 Be5 37. b4 Qe6 38. Qd8 axb4 39. Qg5 b3 0-1

[Event "Reykjavik Hellir CC-ch"]
[Site "Reykjavik"]
[Date "2008.02.??"]
[Round "1"]
[White "Baldursson, Hrannar"]
[Black "Brynjarsson, Eirikur Orn"]
[Result "1-0"]
[WhiteElo "2097"]
[BlackElo "1664"]
[PlyCount "49"]
[EventDate "2008.02.??"]
[EventType "swiss"]
[EventRounds "7"]
[EventCountry "ISL"]
[SourceTitle "EXT 2010"]
[Source "ChessBase"]
[SourceDate "2009.11.30"]
[SourceVersion "1"]
[SourceVersionDate "2009.11.30"]
[SourceQuality "1"]

1. e4 e5 2. Nf3 Nc6 3. c3 d5 4. exd5 Qxd5 5. d4 exd4 6. cxd4 Be6 7. Nc3 Bb4 8.
Be2 Bxc3+ 9. bxc3 Nf6 10. c4 Qa5+ 11. Bd2 Qf5 12. d5 Bxd5 13. cxd5 Nxd5 14. O-O
O-O 15. Qb1 Qxb1 16. Raxb1 Nb6 17. Rfd1 Rfe8 18. Bb5 Re6 19. Bf4 Rc8 20. Bxc7
h6 21. Bxb6 axb6 22. Bc4 Re7 23. Rxb6 Rd8 24. Rxd8+ Nxd8 25. h4 1-0